Electromagnetic scintillation : (Record no. 348464)
[ view plain ]
| 000 -LEADER | |
|---|---|
| fixed length control field | 01228 a2200181 4500 |
| 020 ## - INTERNATIONAL STANDARD BOOK NUMBER | |
| International Standard Book Number | 9780521024259 (paperback) |
| 020 ## - INTERNATIONAL STANDARD BOOK NUMBER | |
| International Standard Book Number | 9780521024259 (paperback) |
| 082 04 - DEWEY DECIMAL CLASSIFICATION NUMBER | |
| Classification number | 530 |
| 090 ## - LOCALLY ASSIGNED LC-TYPE CALL NUMBER (OCLC); LOCAL CALL NUMBER (RLIN) | |
| -- | 6079 |
| -- | 6079 |
| 100 1# - MAIN ENTRY--PERSONAL NAME | |
| Personal name | Wheelon, Albert D. |
| 245 10 - TITLE STATEMENT | |
| Title | Electromagnetic scintillation : |
| Remainder of title | . |
| Number of part/section of a work | Volume 2, weak scattering / |
| Statement of responsibility, etc. | Albert D. Wheelon. |
| 250 ## - EDITION STATEMENT | |
| Edition statement | 1st ed. |
| 260 ## - PUBLICATION, DISTRIBUTION, ETC. | |
| Place of publication, distribution, etc. | [S.l.] : |
| Name of publisher, distributor, etc. | Cambridge University Press, |
| Date of publication, distribution, etc. | 2006. |
| 300 ## - PHYSICAL DESCRIPTION | |
| Extent | 464 p. ; |
| Dimensions | 24 cm. |
| 520 ## - SUMMARY, ETC. | |
| Summary, etc. | Electromagnetic scintillation describes the phase and amplitude fluctuations imposed on signals that travel through the atmosphere. Providing a modern reference and comprehensive tutorial for this subject, two volumes cover optical and microwave propagation, integrating measurements and predictions at each step of development. The first volume (published September 2001) dealt with phase and angle-of-arrival measurement errors, which are accurately described by geometrical optics. This second volume concentrates on amplitude and intensity fluctuations of the received signal. Also available...Volume I 0-521-80198-2 Hardback $110.00 C. |
| 856 40 - ELECTRONIC LOCATION AND ACCESS | |
| Materials specified | Amazon.com |
| Uniform Resource Identifier | <a href="http://www.amazon.com/exec/obidos/ASIN/0521024250/chopaconline-20">http://www.amazon.com/exec/obidos/ASIN/0521024250/chopaconline-20</a> |
| 942 ## - ADDED ENTRY ELEMENTS (KOHA) | |
| Institution code [OBSOLETE] | NBS |
| Koha item type | Book |
| Call number prefix | 539.2 WHE |
| Withdrawn status | Lost status | Damaged status | Not for loan | Permanent Location | Current Location | Date acquired | Total Checkouts | Full call number | Barcode | Date last seen | Price effective from | Koha item type |
|---|---|---|---|---|---|---|---|---|---|---|---|---|
| Central Library (CL) | Central Library (CL) | 08/28/2013 | 539.2 WHE | NBSD-1401 | 08/28/2013 | 08/28/2013 | Book |
